| 000 | 00646nam a22001937a 4500 | ||
|---|---|---|---|
| 005 | 20140214152407.0 | ||
| 010 | _aENG-108531 | ||
| 020 |
_a9780198090328 _c495.00 |
||
| 035 | _aEN-92064 | ||
| 037 | _bDBAD/PUB | ||
| 082 | _a 330.0207 | ||
| 100 |
_aSubramanian, S. _d1953- |
||
| 245 |
_aEconomic offences : _ba compendium of crimes in prose and verse / _cby S. Subramanian |
||
| 260 |
_aNew Delhi _bOxford University Press _c2013 |
||
| 270 |
_aYMCA Library Building, 1 Jai Singh Road _bNew Delhi _e110001 |
||
| 300 |
_axxi, 159 p. : _bill. _c22cm (Hb) |
||
| 500 | _aMost previously published. | ||
| 942 |
_2ddc _cEN _h330.0207 _mSUB |
||
| 999 |
_c79350 _d79350 |
||